ბათუმის შოთა რუსთაველის სახელმწიფო უნივერსიტეტის ბიბლიოთეკა

Career theory and practice (ბიბ.ჩანაწერი № 51443)

000 -LEADER
fixed length control field 00892nam a2200253Ia 4500
001 - CONTROL NUMBER
control field 18429
003 - CONTROL NUMBER IDENTIFIER
control field GE_BSU
008 - FIXED-LENGTH DATA ELEMENTS--GENERAL INFORMATION
fixed length control field 181216s||||||||xx |||||||||||||| ||und||
020 ## - INTERNATIONAL STANDARD BOOK NUMBER
International Standard Book Number ISBN 9781452256696 (pbk, alk, paper)
040 ## - CATALOGING SOURCE
Transcribing agency GE_BSU
080 ## - UNIVERSAL DECIMAL CLASSIFICATION NUMBER
Universal Decimal Classification number 005
100 ## - MAIN ENTRY--PERSONAL NAME
Personal name Swanson, Jane L, Nadya A. Fouad
245 ## - TITLE STATEMENT
Title Career theory and practice
245 ## - TITLE STATEMENT
Remainder of title learning through case studies
250 ## - EDITION STATEMENT
Edition statement 2 edition.
260 ## - PUBLICATION, DISTRIBUTION, ETC.
Place of publication, distribution, etc. Los Angeles
260 ## - PUBLICATION, DISTRIBUTION, ETC.
Name of publisher, distributor, etc. SAGE
260 ## - PUBLICATION, DISTRIBUTION, ETC.
Date of publication, distribution, etc. 2015
300 ## - PHYSICAL DESCRIPTION
Extent xx, 310,pages illustrations ; 24 cm
653 ## - INDEX TERM--UNCONTROLLED
Uncontrolled term Career theory and practice
653 ## - INDEX TERM--UNCONTROLLED
Uncontrolled term კარიერის განვითარება - საქმის შესწავლა. პროფესიული ორიენტაციის - საქმის შესწავლა.
653 ## - INDEX TERM--UNCONTROLLED
Uncontrolled term საქმიანობის მართვა
942 ## - ADDED ENTRY ELEMENTS (KOHA)
Koha item type წიგნი
ეგზემპლარები
Withdrawn status Lost status Damaged status Not for loan Date acquired Barcode Date last seen Price effective from Koha item type
        2018-12-17 47257 2018-12-17 2018-12-17 წიგნი